Qatar Trivia Quiz - Statistieken

Algemene statistieken
  • Deze quiz is 323 keer genomen
  • De gemiddelde score is 12 van 19
Antwoordstatistieken
Hint Antwoord % Correct
Officiële taal Arabisch
96%
Enige aangrenzende land Saoedi-Arabië
95%
Evenement dat Qatar in 2022 organiseerde FIFA Wereldkampioenschap
93%
Land met een vergelijkbare vlag:
Bahrein
88%
Hoofdstad Doha
88%
Belangrijkste export Olie
84%
Land waaruit Qatar in 1971 onafhankelijk werd Verenigd Koninkrijk
74%
Noem een van de twee landen met een hoger BBP per hoofd van de bevolking dan Qatar Monaco | Liechtenstein
73%
Golf waar Qatar aan ligt Perzische Golf
72%
In dit land zijn meer dan twee keer zoveel Qatari inwoners geboren als in Qatar zelf India
64%
Qatari's hebben hiervan de hoogste uitstoot per hoofd van de bevolking Koolstofdioxide
64%
Titel van de Qatari-heerser Emir
59%
Grote nieuwszender Al Jazeera
58%
Rechtssysteem, beginnend met "S", dat de basis vormt van de wetten van Qatar Sharia
51%
Vóór de jaren twintig draaide de economie van Qatar rond deze aquatische schatten Parels
41%
Valuta van Qatar Qatarese Rial
33%
Straf voor alcoholgebruik door een moslim Zweepslagen
32%
Het nationale dier, de Arabische oryx, is een soort ... Antilope
29%
Traditioneel zeilschip waarvan de naam begint met "D" Dhow
17%
Geen overeenkomende quizzen gevonden
Scoreverdeling
Procent van Mensen met Elke Score
Percentiel versus Aantal Correcte Antwoorden
Uw Scoregeschiedenis
U heeft deze quiz nog niet genomen